Enterprise areas (Record no. 113334)

MARC details
000 -LEADER
fixed length control field 00913cad a22002175a 4500
001 - CONTROL NUMBER
control field E155122
008 - FIXED-LENGTH DATA ELEMENTS--GENERAL INFORMATION
fixed length control field 120305e20120229xxka f s000 0 eng d
035 ## - SYSTEM CONTROL NUMBER
System control number (Sirsi) u155122
041 0# - LANGUAGE CODE
Language code of text/sound track or separate title eng
100 1# - MAIN ENTRY--PERSONAL NAME
Personal name Nicol, Scherie
245 00 - TITLE STATEMENT
Title Enterprise areas
Medium [electronic resource]
260 ## - PUBLICATION, DISTRIBUTION, ETC.
Place of publication, distribution, etc. Edinburgh
Name of publisher, distributor, etc. Scottish Parliament
Date of publication, distribution, etc. 2012
490 #0 - SERIES STATEMENT
Series statement SPICe Briefing
Volume/sequential designation (12/16) 29 February 2012
520 ## - SUMMARY, ETC.
Summary, etc. In the light of the Scottish Government's intention to create four new Enterprise Areas, this briefing looks at the history of Enterprise Zones in the UK and discusses the proposals for the four new areas in Scotland.
521 ## - TARGET AUDIENCE NOTE
Target audience note Advanced
590 ## - LOCAL NOTE (RLIN)
Local note KA
651 #4 - SUBJECT ADDED ENTRY--GEOGRAPHIC NAME
Geographic name Scotland
Chronological subdivision 1999-
690 ## - LOCAL SUBJECT ADDED ENTRY--TOPICAL TERM (OCLC, RLIN)
Topical term or geographic name as entry element Planning and development
9 (RLIN) 6259
856 40 - ELECTRONIC LOCATION AND ACCESS
Uniform Resource Identifier <a href="https://www.scottish.parliament.uk/ResearchBriefingsAndFactsheets/SB_12-16.pdf">https://www.scottish.parliament.uk/ResearchBriefingsAndFactsheets/SB_12-16.pdf</a>
Public note View the briefing free of charge at www.scottish.parliament.uk
942 ## - ADDED ENTRY ELEMENTS (KOHA)
Suppress in OPAC 0
Holdings
Withdrawn status Lost status Source of classification or shelving scheme Damaged status Not for loan Home library Current library Shelving location Date acquired Total Checkouts Full call number Barcode Date last seen Copy number Price effective from Koha item type
    Dewey Decimal Classification     Virtual Virtual Online 05/03/2012   ONLINE PUBLICATION 155122-2001 06/08/2019 1 06/08/2019 Book